Größte Städte Polens - Statistiken

Allgemein
  • Dieses Quiz wurde 48 mal gespielt
  • Das Durchschnittsergebnis liegt bei 7 aus 10
Antwortstatistiken
Einwohner Stadt % Korrekt
1.861.599 Warschau
100%
806.201 Krakau
98%
487.371 Danzig
89%
673.743 Breslau
87%
652.015 Lodz
83%
538.439 Posen
77%
389.066 Stettin
72%
329.565 Lublin
43%
291.688 Bialystok
28%
326.434 Bromberg
28%
Keine übereinstimmenden Quizze gefunden
Verteilung der Resultate
Anzahl Personen mit jedem Resultat
Perzentil nach korrekt beantworteten Fragen
Ihre Resultats-Entwicklung
Sie haben dieses Quiz noch nicht gespielt